000 00360 a2200157 4500
001 195337
020 _a978-85-96-02269-9
040 _cMagnum
100 _aAlmeida, Rosane
240 1 0 _aCumarim, a pimenta do reino
_lpor
245 1 0 _aCumarim, a pimenta do reino
300 _a47
362 0 _a2019
697 _aLITERATURA INFANTO-JUVENIL
942 _cBK
999 _c195337
_d195337